Niektoré právne problémy dodávateľsko-odberateľských vzťahov v podmienkach vnútorného obchodu čiastková úloha
Salvato in:
| Natura: | Libro |
|---|---|
| Lingua: | slovacco |
| Pubblicazione: |
Bratislava
VŠE
1989
|
| Tags: |
Nessun Tag, puoi essere il primo ad aggiungerne!!
|
MARC
| LEADER | 00000nam a2200000 4500 | ||
|---|---|---|---|
| 001 | c035736 | ||
| 005 | 20260326072138.2 | ||
| 041 | 0 | |a slo | |
| 044 | |a SK | ||
| 245 | 1 | 0 | |a Niektoré právne problémy dodávateľsko-odberateľských vzťahov v podmienkach vnútorného obchodu |b čiastková úloha |
| 264 | 1 | |a Bratislava |b VŠE |c 1989 | |
| 300 | |a 53 s. | ||